000 00831nam a2200313Ia 4500
001 34734
003 IT-RoPAU
008 130308s9999 xx 000 0 und d
040 _aIT-RoPAU
040 _cIT-RoPAU
041 _aITALIANO
100 _aCaruso Luciano
100 _gCodice Aut. SPICS: 15463
245 _aScrittura visuale in Italia
245 _bPoiesis-Ricerca Poetica in Italia
250 _a1a ed.
260 _aAREZZO
260 _bIstituto Statale D'Arte
260 _c1986 [1° Ed.:1986 - Ed.Ling.Originale:1986]
300 _a"5 p. (prefazione: no ; testo: 5 [pagine: 19-23])"
650 _aSAGGI SULLE ARTI VISIVE
650 _eCodice materia Spics: 5011
700 _aMartini Stelio
700 _gCodice Aut. SPICS: 4087
942 _cBK
957 _71
999 _c47376
_d47376
999 _bSI
999 _g1